| 000 | 00737nam a2200217 a 4500 | ||
|---|---|---|---|
| 001 | 000016971 | ||
| 005 | 20240530073918.0 | ||
| 008 | 100312s2010 dr 000 0 spa d | ||
| 020 | _a9789945460612 | ||
| 040 |
_aDO-SdBNP _bspa _cBNPHU |
||
| 082 |
_aRD863.44 _bR586p |
||
| 100 | 1 |
_aRíos, Anthony, _d1950 - _937505 |
|
| 245 | 1 | 0 |
_aPrimavera roja : _b(sangre en Jarabacoa) / _cAnthony Ríos ; prólogo y edición Manuel Mora Serrano. |
| 260 |
_aSanto Domingo : _bSantuario, _c2010. |
||
| 300 |
_a115 p. ; _c22 cm. |
||
| 590 | _aInventariado, 2020/VM | ||
| 650 | 0 |
_aNovela dominicana _9223 |
|
| 650 | 0 |
_aLiteratura dominicana. _967 |
|
| 700 | 1 |
_aMora Serrano, Manuel, _c1933- _epról. _95162 |
|
| 910 | _aValidado. Control de calidad MMOLINA | ||
| 999 |
_c16502 _d16502 |
||